ბათუმის შოთა რუსთაველის სახელმწიფო უნივერსიტეტის ბიბლიოთეკა

История Международных Отношений; Т1. От Вестфальского мира до окончания первой мировой войны (ბიბ.ჩანაწერი № 45746)

000 -LEADER
fixed length control field 00923nam a2200253Ia 4500
001 - CONTROL NUMBER
control field 12573
003 - CONTROL NUMBER IDENTIFIER
control field GE_BSU
008 - FIXED-LENGTH DATA ELEMENTS--GENERAL INFORMATION
fixed length control field 181216s||||||||xx |||||||||||||| ||und||
020 ## - INTERNATIONAL STANDARD BOOK NUMBER
International Standard Book Number 5756706703
040 ## - CATALOGING SOURCE
Transcribing agency GE_BSU
080 ## - UNIVERSAL DECIMAL CLASSIFICATION NUMBER
Universal Decimal Classification number 327
245 ## - TITLE STATEMENT
Title История Международных Отношений; Т1. От Вестфальского мира до окончания первой мировой войны
245 ## - TITLE STATEMENT
Statement of responsibility, etc. Под.ред:А.В.Торкунова; М.М.Наринского.
260 ## - PUBLICATION, DISTRIBUTION, ETC.
Place of publication, distribution, etc. Москва
260 ## - PUBLICATION, DISTRIBUTION, ETC.
Name of publisher, distributor, etc. Аспект-Пресс
260 ## - PUBLICATION, DISTRIBUTION, ETC.
Date of publication, distribution, etc. 2014
300 ## - PHYSICAL DESCRIPTION
Extent 400стр.24см.
653 ## - INDEX TERM--UNCONTROLLED
Uncontrolled term История Международных Отношений.
653 ## - INDEX TERM--UNCONTROLLED
Uncontrolled term От Вестфальского мира до окончания первой мировой войны
653 ## - INDEX TERM--UNCONTROLLED
Uncontrolled term Политика
653 ## - INDEX TERM--UNCONTROLLED
Uncontrolled term პოლიტიკა
942 ## - ADDED ENTRY ELEMENTS (KOHA)
Koha item type წიგნი
ეგზემპლარები
Withdrawn status Lost status Damaged status Not for loan Date acquired Barcode Date last seen Price effective from Koha item type
        2018-12-17 36212 2018-12-17 2018-12-17 წიგნი
        2018-12-17 36211 2018-12-17 2018-12-17 წიგნი
        2018-12-17 36210 2018-12-17 2018-12-17 წიგნი
        2018-12-17 36209 2018-12-17 2018-12-17 წიგნი